Discovery of Fire Quiz Stats

 Plays Quiz not verified by Sporcle

Challenge
Share
Tweet
Embed
Score 0/20 Timer 04:00
0 Plays Today
Hint Answer % Correct
Mascot: (A) Smokey Bear or (B) Woodsy Owl???
95.5%
Internet Browser: (A) Mozilla or (B) Microsoft???
92.7%
Mythical Creature: (A) Dragon or (B) Unicorn???
92.1%
New York: (A) FDNY or (B) NYPD???
91.4%
Ray Bradbury Story: (A) Something Wicked This Way Comes or (B) Fahrenheit 451???
90%
Foursome: (A) Teenage Mutant Ninja Turtles or (B) Fantastic Four???
89.2%
Fast Food Chain: (A) McDonald's or (B) Burger King???
87.1%
Island: (A) Tierra del Fuego or (B) Honshu???
85.9%
Stone: (A) Diamond or (B) Flint???
85.9%
Band: (A) Eagles or (B) The Doors???
78.7%
Hint Answer % Correct
Dog Breed: (A) Dalmatian or (B) St. Bernard???
77.4%
Cooking Device: (A) Easy Bake Oven or (B) Franklin Stove???
77.3%
Weapon: (A) Pipe Bomb or (B) Napalm???
75.9%
Stephen King Character: (A) Charlie McGee or (B) Pennywise???
74%
Jack Webb Created Show: (A) Emergency or (B) Adam-12???
71%
Chicago Sports Franchise: (A) Hockey or (B) Soccer???
70.4%
Astrological Sign: (A) Aries or (B) Cancer???
69%
Songs About Lakes: (A) Bob Seger’s or (B) Tchaikovsky’s???
63.7%
Reality Show: (A) The Apprentice or (B) The Amazing Race???
60.6%
Elements: (A) Classical or (B) Chemical???
59.8%

You're not logged in!

Compare scores with friends on all Sporcle quizzes.
Join for Free
OR
Log In

You Might Also Like...

Show Comments

Extras

Top Quizzes Today


Score Distribution

Your Account Isn't Verified!

In order to create a playlist on Sporcle, you need to verify the email address you used during registration. Go to your Sporcle Settings to finish the process.

Report this User

Report this user for behavior that violates our Community Guidelines.

Details: